Strength of materials (Record no. 226)

MARC details
000 -LEADER
Fixed length control field 00515nam a2200193 4500
003 - CONTROL NUMBER IDENTIFIER
Control field SEACOMEC
005 - DATE AND TIME OF LATEST TRANSACTION
Control field 20231016085941.0
008 - FIXED-LENGTH DATA ELEMENTS--GENERAL INFORMATION
Fixed length control field 231016b |||||||| |||| 00| 0 eng d
020 ## - INTERNATIONAL STANDARD BOOK NUMBER / ISBN
Price Rs.188.00
040 ## - CATALOGING SOURCE
Original cataloging agency SEACOMEC
082 1# - DEWEY DECIMAL CLASSIFICATION NUMBER
Classification number 620.112
Book Number R992
100 1# - MAIN ENTRY--PERSONAL NAME
Personal name Ryder,G.H.
245 1# - TITLE STATEMENT
Title Strength of materials
Statement of responsibility ryder,G.H.
250 ## - EDITION STATEMENT
Edition statement 3 rd ed.
260 1# - IMPRINT
Place of publication New Delhi
Name of publisher Macmillan
Date of publication 2002
650 ## - SUBJECT ADDED ENTRY--TOPICAL TERM
Topical term Engineering and allied operations, Engineering mechanics and materials
700 ## - ADDED ENTRY--PERSONAL NAME
Personal name G.H. Ryder
942 ## - ADDED ENTRY ELEMENTS (KOHA)
Koha item type Books
Holdings
Withdrawn status Lost status Source of classification Damaged status Not for loan Home library Current library Date acquired Total Checkouts Call number Accession number Date last seen Price effective from Koha item type Copy number
    Dewey Decimal Classification     SEACOM ENGINEERING COLLEGE SEACOM ENGINEERING COLLEGE 01/06/2006   620.112 R992 00064 16/10/2023 16/10/2023 Books  
    Dewey Decimal Classification     SEACOM ENGINEERING COLLEGE SEACOM ENGINEERING COLLEGE 01/06/2006   620.112 R992 00065 16/10/2023 16/10/2023 Books 1
© Seacom Engineering College, All rights reserved.      Powered by Koha